A-Z FIFA World Cup Goal Scorers - Statistics

General Stats
  • This quiz has been taken 38 times
  • The average score is 14 of 26
Answer Stats
Player % Correct
M Harry Maguire | Mario Mandzukic | Sadio Mane | Kylian Mbappe | Gabriel Mercado | Dries Mertens | Lionel Messi | Thomas Meunier | Yerry Mina | Aleksandar Mitrovic | Luka Modric | Victor Moses | Ahmed Musa
100%
K Shinji Kagawa | Harry Kane | Wahbi Khazri | Younggwon Kim | Aleksandar Kolarov | Andrej Kramaric | Toni Kroos | Grzegorz Krychowiak
97%
P Ivan Perisic | Paulinho | Benjamin Pavard | Pepe | Paul Pogba
87%
R Ivan Rakitic | Ante Rebic | Marco Reus | Cristiano Ronaldo | Marcos Rojo | Bryan Ruiz
87%
G Iury Gazinsky | Jose Gimenez | Aleksandr Golovin | Andreas Granqvist | Antoine Griezmann | Paolo Guerrero
81%
S Mohamed Salah | Xherdan Shaqiri | Gylfi Sigurdsson | Heungmin Son | John Stones | Luis Suarez
81%
N Nacho | Neymar | Mbaye Niang
81%
H Genki Haraguchi | Eden Hazard | Javier Hernandez | Keisuke Honda
77%
L Jesse Lingard | Hirving Lozano | Romelu Lukaku
74%
C Andre Carrillo | Edinson Cavani | Nacer Chadli | Denis Cherychev | Diego Costa | Philippe Coutinho | Juan Cuadrado
71%
A Sergio Aguero | Salem Aldawsari | Salman Alfaraj | Dele Alli | Karim Ansarifard | Iago Aspas | Ludwig Augustinsson | Renato Augusto
68%
D Kevin De Bruyne | Angel Di Maria | Josip Drmic | Blerim Dzemaili | Artem Dzyuba
65%
F Radamel Falcao | Marouane Fellaini | Sassi Ferjani | Mario Fernandes | Alfred Finnbogason | Roberto Firmino | Emil Forsberg
65%
V Raphael Varane | Carlos Vela | Jan Vertonghen | Domagoj Vida
55%
T Thiago Silva | Ola Toivonen | Kieran Trippier
52%
U Samuel Umtiti
45%
Q Ricardo Quaresma | Juan Quintero
35%
I Takashi Inui | Isco
35%
X Granit Xhaka
32%
E Youssef En Nesyri | Christian Eriksen
32%
B Milan Badelj | Felipe Baloy | Michy Batshuayi | Jan Bednarek | Dylan Bronn | Khalid Boutaib
23%
J Adnan Januzaj | Mile Jedinak | Mathias Jorgensen
16%
O Yuya Osako
13%
Y Ben Youssef Fakhreddine | Yussuf Yurary Poulsen
10%
W Moussa Wague | Kendall Waston
10%
Z Steven Zuber
10%
No matching quizzes found
Score Distribution
Percent of People with Each Score
Percentile by Number Answered
Your Score History
You have not taken this quiz